000 00840nam a2200265 a 4500
001 48234
003 BD-RjUL
005 20211209054502.0
008 160813r20061955bg ||||| |||| 00| 0 eng d
020 _a817522758-5(V.42)
020 _a8175227021X(set)
035 _a(BD-RjUL)
040 _aBD-RjUL
_bben
_cBD-RjUL
041 _aben
082 _223
_a781.1
_bTAA 2006
100 1 _aঠাকুর, রাবীন্দাথ
_9146088
245 1 0 _aঅরুপরতন /
_cরাবীন্দাথ ঠাকুর
260 _aকলকাতা :
_bবিশ্বভারতী গ্রন্থনবিভাগ,
_c২০০৬.
300 _aখণ্ড ;
490 _aস্বরবিতান সিরিজ
505 _aখণ্ড
650 _2গান
650 _amusic
_9146089
942 _2ddc
_cBK
999 _c48234
_d48234